000 00338 a2200109 4500
001 ART_14595
005 20260410161912.0
008 260409a
245 1 0 _aComputing equilibria with increasing returns
100 1 _aMac Kinnon, James G.
773 0 _tEuropean economic review
_g- Vol. 12, NÂș 1 (feb. 1979)
_wREV13346
999 _c26933
_d26933